ABA Guidelines for the Approval of Paralegal Education Programs

Detalles Bibliográficos
Formato: eBook
Lenguaje:inglés
Publicado: Chicago: American Bar Association, 2018
Materias:
Acceso en línea:Acceso restringido

MARC

LEADER 00000nam a22000007a 4500
005 20210224214531.0
007 cr|||| |||
008 210224s2018 us |||||s|||| 00||0 eng d
020 |a 9781641053204 
035 |a 31226 
040 |a vLex 
090 |c 11255  |d 11255 
245 0 0 |a ABA Guidelines for the Approval of Paralegal Education Programs  |h [Recurso electrn̤ico] / 
256 |a Servicio en ln̕ea 
260 |a Chicago:  |b American Bar Association,  |c 2018 
300 |a 1 recurso electrn̤ico 
500 |a The ABA Guidelines for the Approval of Paralegal Education Programs contain the standards a paralegal education program must meet to obtain and retain ABA approval. This September 2018 edition incorporates all amendments adopted by the Standing Committee since September 2013. 
506 1 |a Disponible solo en los productos indicados  |d vLex Global  |d vLex Global (Academic Edition, excluding Law Schools)  |d vLex Global (Academic Edition, Law Schools) 
650 0 4 |a Derecho Pb︢lico y Administrativo  |z Estados Unidos 
740 0 |a vLex Libros (Servicio en ln̕ea) 
856 4 0 |u http://vlex.com/source/aba-guidelines-for-the-approval-of-paralegal-education-programs-31226  |z Acceso restringido 
942 |c BOOK 
999 0 |a Public and Administrative Law